00308nam a22001097a 4500020001800000082001600018100002100034245007400055260004400129300000800173650001700181 a9781845115944 a955.054 TAZ aTazini, Ghoncheh aKhatami's Iran: The Islamic Republic and the Turbulent Path to Reform aNew YorkbTauris Academic Studiesc2010 a210 aHistory-Iran